000 00712nam a2200217Ia 4500
003 GCL
008 140319s9999 xx 000 0 ara d
040 _aGCL /
_cGCL
082 0 4 _a658.785
_bج د
100 1 _aجنكنز، كريد
245 1 0 _aالدليل الشامل فى ادارة المخازن الحديثة /
_cجنكنز، كريد
260 _aالرياض :
_bمكتبة الملك فهد الوطنية ،
_c1999
300 _a525 ص ؛
_c32 سم
490 _a
650 0 4 _aالتسويق
650 0 4 _aالمحاسبة الادارية
650 0 4 _aادارة المشتريات
650 0 4 _aادارة المخازن
650 0 4 _aادارة المبيعات
942 _2ddc
_cBK
999 _c34611
_d34611